The Milk dealer.

Bibliographic Details
New Title:Dairy & ice cream field
Previous Title:Manufactured milk products journal
Format: Journal
Language:English
Published: [Milwaukee] : [Olsen Pub. Co.]
Online Availability: Check for online availability

MARC

Tag First Indicator Second Indicator Subfields
LEADER 00000cas a2200000 4500
001 in00000098333
005 20150925115530.0
008 751101d19111968wiumr1p 0uuua0eng
010 |a  56037309  
012 |e n 
022 |a 0097-3289 
035 |a (OCoLC)01757481 
035 |9 AAL3270AM 
040 |c MUL  |d NSD  |d DLC  |d TXA  |d UtOrBLW 
042 |a nsdp 
049 |a TXAE 
050 0 0 |a HD9282.U3  |b M48 
222 0 |a Milk dealer 
245 0 4 |a The Milk dealer. 
247 0 0 |a International milk dealer  |f v. 1, no. 1-2 
264 1 |a [Milwaukee] :  |b [Olsen Pub. Co.] 
300 |a 58 volumes :  |b illustrations ;  |c 29 cm. monthly. 
336 |a text  |b txt  |2 rdacontent 
337 |a unmediated  |b n  |2 rdamedia 
338 |a volume  |b nc  |2 rdacarrier 
362 0 |a v. 1-58, no. 1; Oct. 1911-Oct. 1968. 
780 0 5 |t Manufactured milk products journal  |x 0099-5258 
785 0 4 |t Dairy & ice cream field  |g Nov. 1968  |x 0011-555X 
999 |a MARS 
999 f f |s 25a15dbf-0744-31c5-b4ab-140ae6876469  |i bbf76b8d-251d-3127-a64f-ccee73973242  |t 0 
952 f f |p storage  |a Texas A&M University  |b J.J. Pickle Campus  |c High Density Repository  |d Remote Storage  |t 0  |e HD9282.U3 M48  |h Library of Congress classification  |i unmediated -- volume  |k v.55:no.1-6  |l 1965/66  |m A14840717848 
952 f f |p storage  |a Texas A&M University  |b J.J. Pickle Campus  |c High Density Repository  |d Remote Storage  |t 0  |e HD9282.U3 M48  |h Library of Congress classification  |i unmediated -- volume  |k v.17  |l 1927:Oct,-1928:Sept.  |m A14840714549 
952 f f |p storage  |a Texas A&M University  |b J.J. Pickle Campus  |c High Density Repository  |d Remote Storage  |t 0  |e HD9282.U3 M48  |h Library of Congress classification  |i unmediated -- volume  |k v.50  |l 1960:Oct.-1961:Sept.  |m A14840717602 
952 f f |p storage  |a Texas A&M University  |b J.J. Pickle Campus  |c High Density Repository  |d Remote Storage  |t 0  |e HD9282.U3 M48  |h Library of Congress classification  |i unmediated -- volume  |k v.40  |l 1950:Oct.-1951:Sept.  |m A14840714939 
952 f f |p storage  |a Texas A&M University  |b J.J. Pickle Campus  |c High Density Repository  |d Remote Storage  |t 0  |e HD9282.U3 M48  |h Library of Congress classification  |i unmediated -- volume  |k v.18  |l 1928:Oct.-1929:Sept.  |m A14840714662 
952 f f |p storage  |a Texas A&M University  |b J.J. Pickle Campus  |c High Density Repository  |d Remote Storage  |t 0  |e HD9282.U3 M48  |h Library of Congress classification  |i unmediated -- volume  |k v.49  |l 1959:Oct.-1960:Sept.  |m A14840717563 
952 f f |p storage  |a Texas A&M University  |b J.J. Pickle Campus  |c High Density Repository  |d Remote Storage  |t 0  |e HD9282.U3 M48  |h Library of Congress classification  |i unmediated -- volume  |k v.30:no.5-6  |l 1941:Feb.-Mar.  |m A14837105197 
952 f f |p storage  |a Texas A&M University  |b J.J. Pickle Campus  |c High Density Repository  |d Remote Storage  |t 0  |e HD9282.U3 M48  |h Library of Congress classification  |i unmediated -- volume  |k v.24  |l 1934:Oct.-1935:Sept.  |m A14840714905 
952 f f |p storage  |a Texas A&M University  |b J.J. Pickle Campus  |c High Density Repository  |d Remote Storage  |t 0  |e HD9282.U3 M48  |h Library of Congress classification  |i unmediated -- volume  |k v.21  |l 1931:Oct.-1932:Sept.  |m A14840714785 
952 f f |p storage  |a Texas A&M University  |b J.J. Pickle Campus  |c High Density Repository  |d Remote Storage  |t 0  |e HD9282.U3 M48  |h Library of Congress classification  |i unmediated -- volume  |k v.33:no.1-3  |l 1943  |m A14840714573 
952 f f |p storage  |a Texas A&M University  |b J.J. Pickle Campus  |c High Density Repository  |d Remote Storage  |t 0  |e HD9282.U3 M48  |h Library of Congress classification  |i unmediated -- volume  |k v.39  |l 1949:Oct.-1950:Sept.  |m A14840714890 
952 f f |p storage  |a Texas A&M University  |b J.J. Pickle Campus  |c High Density Repository  |d Remote Storage  |t 0  |e HD9282.U3 M48  |h Library of Congress classification  |i unmediated -- volume  |k v.52  |l 1962:Oct.-1963:Sept.  |m A14840717686 
952 f f |p storage  |a Texas A&M University  |b J.J. Pickle Campus  |c High Density Repository  |d Remote Storage  |t 0  |e HD9282.U3 M48  |h Library of Congress classification  |i unmediated -- volume  |k v.36  |l 1946:Oct.-1947:Sept.  |m A14840714777 
952 f f |p storage  |a Texas A&M University  |b J.J. Pickle Campus  |c High Density Repository  |d Remote Storage  |t 0  |e HD9282.U3 M48  |h Library of Congress classification  |i unmediated -- volume  |k v.33:no.4-6  |l 1944  |m A14840714612 
952 f f |p storage  |a Texas A&M University  |b J.J. Pickle Campus  |c High Density Repository  |d Remote Storage  |t 0  |e HD9282.U3 M48  |h Library of Congress classification  |i unmediated -- volume  |k v.43  |l 1953:Oct.-1954:Sept.  |m A14840717369 
952 f f |p storage  |a Texas A&M University  |b J.J. Pickle Campus  |c High Density Repository  |d Remote Storage  |t 0  |e HD9282.U3 M48  |h Library of Congress classification  |i unmediated -- volume  |k v.56:no.7-12  |l 1967  |m A14840717961 
952 f f |p storage  |a Texas A&M University  |b J.J. Pickle Campus  |c High Density Repository  |d Remote Storage  |t 0  |e HD9282.U3 M48  |h Library of Congress classification  |i unmediated -- volume  |k v.47  |l 1957:Oct.-1958:Sept.  |m A14840717482 
952 f f |p storage  |a Texas A&M University  |b J.J. Pickle Campus  |c High Density Repository  |d Remote Storage  |t 0  |e HD9282.U3 M48  |h Library of Congress classification  |i unmediated -- volume  |k v.38  |l 1948:Oct.-1949:Sept.  |m A14840714858 
952 f f |p storage  |a Texas A&M University  |b J.J. Pickle Campus  |c High Density Repository  |d Remote Storage  |t 0  |e HD9282.U3 M48  |h Library of Congress classification  |i unmediated -- volume  |k v.33:no.7-10,12  |l 1944  |m A14840714654 
952 f f |p storage  |a Texas A&M University  |b J.J. Pickle Campus  |c High Density Repository  |d Remote Storage  |t 0  |e HD9282.U3 M48  |h Library of Congress classification  |i unmediated -- volume  |k v.28  |l 1938:Oct.-1939:Sept.  |m A14840714337 
952 f f |p storage  |a Texas A&M University  |b J.J. Pickle Campus  |c High Density Repository  |d Remote Storage  |t 0  |e HD9282.U3 M48  |h Library of Congress classification  |i unmediated -- volume  |k v.42  |l 1952:Oct.-1953:Sept.  |m A14840715016 
952 f f |p storage  |a Texas A&M University  |b J.J. Pickle Campus  |c High Density Repository  |d Remote Storage  |t 0  |e HD9282.U3 M48  |h Library of Congress classification  |i unmediated -- volume  |k v.45  |l 1955:Oct.-1956:Sept.  |m A14840717440 
952 f f |p storage  |a Texas A&M University  |b J.J. Pickle Campus  |c High Density Repository  |d Remote Storage  |t 0  |e HD9282.U3 M48  |h Library of Congress classification  |i unmediated -- volume  |k v.26  |l 1936:Oct.-1937:Sept.  |m A14840714989 
952 f f |p storage  |a Texas A&M University  |b J.J. Pickle Campus  |c High Density Repository  |d Remote Storage  |t 0  |e HD9282.U3 M48  |h Library of Congress classification  |i unmediated -- volume  |k v.34  |l 1944:Oct.-1945:Sept.  |m A14840714696 
952 f f |p storage  |a Texas A&M University  |b J.J. Pickle Campus  |c High Density Repository  |d Remote Storage  |t 0  |e HD9282.U3 M48  |h Library of Congress classification  |i unmediated -- volume  |k v.27  |l 1937:Oct.-1938:Sept.  |m A14840715024 
952 f f |p storage  |a Texas A&M University  |b J.J. Pickle Campus  |c High Density Repository  |d Remote Storage  |t 0  |e HD9282.U3 M48  |h Library of Congress classification  |i unmediated -- volume  |k v.20  |l 1930:Oct.-1931:Sept.  |m A14840714743 
952 f f |p storage  |a Texas A&M University  |b J.J. Pickle Campus  |c High Density Repository  |d Remote Storage  |t 0  |e HD9282.U3 M48  |h Library of Congress classification  |i unmediated -- volume  |k v.32  |l 1942:Oct.-1943:Sept.  |m A14840714531 
952 f f |p storage  |a Texas A&M University  |b J.J. Pickle Campus  |c High Density Repository  |d Remote Storage  |t 0  |e HD9282.U3 M48  |h Library of Congress classification  |i unmediated -- volume  |k v.51  |l 1961:Oct.-1962:Sept.  |m A14840717644 
952 f f |p storage  |a Texas A&M University  |b J.J. Pickle Campus  |c High Density Repository  |d Remote Storage  |t 0  |e HD9282.U3 M48  |h Library of Congress classification  |i unmediated -- volume  |k v.30:no.7-12  |l 1941  |m A14840714450 
952 f f |p storage  |a Texas A&M University  |b J.J. Pickle Campus  |c High Density Repository  |d Remote Storage  |t 0  |e HD9282.U3 M48  |h Library of Congress classification  |i unmediated -- volume  |k v.54:no.8,10-12  |l 1964/65  |m A14840717806 
952 f f |p storage  |a Texas A&M University  |b J.J. Pickle Campus  |c High Density Repository  |d Remote Storage  |t 0  |e HD9282.U3 M48  |h Library of Congress classification  |i unmediated -- volume  |k v.13:no.2 & v.14:no.1-2  |l 1923-1924  |m A14840714581 
952 f f |p storage  |a Texas A&M University  |b J.J. Pickle Campus  |c High Density Repository  |d Remote Storage  |t 0  |e HD9282.U3 M48  |h Library of Congress classification  |i unmediated -- volume  |k v.30:no.1-3  |l 1940:Oct.-Dec.  |m A14837105155 
952 f f |p storage  |a Texas A&M University  |b J.J. Pickle Campus  |c High Density Repository  |d Remote Storage  |t 0  |e HD9282.U3 M48  |h Library of Congress classification  |i unmediated -- volume  |k v.56:no.1-6  |l 1966/67  |m A14840717929 
952 f f |p storage  |a Texas A&M University  |b J.J. Pickle Campus  |c High Density Repository  |d Remote Storage  |t 0  |e HD9282.U3 M48  |h Library of Congress classification  |i unmediated -- volume  |k v.55:no.7-12  |l 1966  |m A14840717880 
952 f f |p storage  |a Texas A&M University  |b J.J. Pickle Campus  |c High Density Repository  |d Remote Storage  |t 0  |e HD9282.U3 M48  |h Library of Congress classification  |i unmediated -- volume  |k v.31  |l 1941:Oct.-1942:Sept.  |m A14840714492 
952 f f |p storage  |a Texas A&M University  |b J.J. Pickle Campus  |c High Density Repository  |d Remote Storage  |t 0  |e HD9282.U3 M48  |h Library of Congress classification  |i unmediated -- volume  |k v.22  |l 1932:Oct.-1933:Sept.  |m A14840714824 
952 f f |p storage  |a Texas A&M University  |b J.J. Pickle Campus  |c High Density Repository  |d Remote Storage  |t 0  |e HD9282.U3 M48  |h Library of Congress classification  |i unmediated -- volume  |k v.41  |l 1951:Oct.-1952:Sept.  |m A14840714971 
952 f f |p storage  |a Texas A&M University  |b J.J. Pickle Campus  |c High Density Repository  |d Remote Storage  |t 0  |e HD9282.U3 M48  |h Library of Congress classification  |i unmediated -- volume  |k v.57  |l 1967/68  |m A14840718006 
952 f f |p storage  |a Texas A&M University  |b J.J. Pickle Campus  |c High Density Repository  |d Remote Storage  |t 0  |e HD9282.U3 M48  |h Library of Congress classification  |i unmediated -- volume  |k v.25  |l 1935:Oct.-1936:Sept.  |m A14840714947 
952 f f |p storage  |a Texas A&M University  |b J.J. Pickle Campus  |c High Density Repository  |d Remote Storage  |t 0  |e HD9282.U3 M48  |h Library of Congress classification  |i unmediated -- volume  |k v.54:no.1-6  |l 1964/65  |m A14840717767 
952 f f |p storage  |a Texas A&M University  |b J.J. Pickle Campus  |c High Density Repository  |d Remote Storage  |t 0  |e HD9282.U3 M48  |h Library of Congress classification  |i unmediated -- volume  |k v.44  |l 1954:Oct.-1955:Sept.  |m A14840717408 
952 f f |p storage  |a Texas A&M University  |b J.J. Pickle Campus  |c High Density Repository  |d Remote Storage  |t 0  |e HD9282.U3 M48  |h Library of Congress classification  |i unmediated -- volume  |k v.35  |l 1945:Oct.-1946:Sept.  |m A14840714735 
952 f f |p storage  |a Texas A&M University  |b J.J. Pickle Campus  |c High Density Repository  |d Remote Storage  |t 0  |e HD9282.U3 M48  |h Library of Congress classification  |i unmediated -- volume  |k v.23  |l 1933:Oct.-1934:Sept.  |m A14840714866 
952 f f |p storage  |a Texas A&M University  |b J.J. Pickle Campus  |c High Density Repository  |d Remote Storage  |t 0  |e HD9282.U3 M48  |h Library of Congress classification  |i unmediated -- volume  |k v.53  |l 1963/64  |m A14840717725 
952 f f |p storage  |a Texas A&M University  |b J.J. Pickle Campus  |c High Density Repository  |d Remote Storage  |t 0  |e HD9282.U3 M48  |h Library of Congress classification  |i unmediated -- volume  |k v.29:no.1-3,5-6  |l 1939/1940  |m A14840714379 
952 f f |p storage  |a Texas A&M University  |b J.J. Pickle Campus  |c High Density Repository  |d Remote Storage  |t 0  |e HD9282.U3 M48  |h Library of Congress classification  |i unmediated -- volume  |k v.48  |l 1958:Oct.-1959:Sept.  |m A14840717521 
952 f f |p storage  |a Texas A&M University  |b J.J. Pickle Campus  |c High Density Repository  |d Remote Storage  |t 0  |e HD9282.U3 M48  |h Library of Congress classification  |i unmediated -- volume  |k v.37  |l 1947:Oct.-1948:Sept.  |m A14840714816 
952 f f |p storage  |a Texas A&M University  |b J.J. Pickle Campus  |c High Density Repository  |d Remote Storage  |t 0  |e HD9282.U3 M48  |h Library of Congress classification  |i unmediated -- volume  |k v.46  |l 1956:Oct.-1957:Sept.  |m A14811179885 
952 f f |p storage  |a Texas A&M University  |b J.J. Pickle Campus  |c High Density Repository  |d Remote Storage  |t 0  |e HD9282.U3 M48  |h Library of Congress classification  |i unmediated -- volume  |k v.58:no.1  |l 1968:Oct.  |m A14840718048 
952 f f |p storage  |a Texas A&M University  |b J.J. Pickle Campus  |c High Density Repository  |d Remote Storage  |t 0  |e HD9282.U3 M48  |h Library of Congress classification  |i unmediated -- volume  |k v.19  |l 1929:Oct.-1930:Sept.  |m A14840714701 
952 f f |p storage  |a Texas A&M University  |b J.J. Pickle Campus  |c High Density Repository  |d Remote Storage  |t 0  |e HD9282.U3 M48  |h Library of Congress classification  |i unmediated -- volume  |k v.29:no.9-12  |l 1940  |m A14840714418 
998 f f |a HD9282.U3 M48  |s v.58:no.1 (1968)  |t 0  |l Remote Storage